| 000 | 00983nmm a2200409 a 4500 | ||
|---|---|---|---|
| 003 | AR-BaBNM | ||
| 005 | 20251128210155.0 | ||
| 008 | 259019s1999 ||||||||||||||000 | spa|| | ||
| 020 | _a950-04-1967-X | ||
| 040 | _cAR-BaBNM | ||
| 100 | 1 | _aCampbell, Ann-Jeanette | |
| 245 | 1 | 0 | _aLa tierra increíble |
| 250 | _a1ª ed. | ||
| 260 |
_aBuenos Aires _bEmecé _c1999 |
||
| 300 | 0 |
_a212 p. _bil. |
|
| 500 | 0 | _aIncluye glosario en p. 203 | |
| 650 | 4 | _aASTRONOMIA | |
| 650 | 4 | _aTIERRA [PLANETA] | |
| 650 | 4 | _aBIOGENESIS | |
| 650 | 4 | _aCLIMA | |
| 650 | 4 | _aGEOLOGIA | |
| 650 | 4 | _aMINERALOGIA | |
| 650 | 4 | _aFOSILES | |
| 650 | 4 | _aGLACIARES | |
| 650 | 4 | _aVOLCANES | |
| 650 | 4 | _aTERREMOTOS | |
| 650 | 4 | _aOCEANOGRAFIA | |
| 650 | 4 | _aHIDROLOGIA | |
| 650 | 4 | _aMETEOROLOGIA | |
| 650 | 4 | _aDESASTRES NATURALES | |
| 650 | 4 | _aGEOGRAFIA | |
| 653 | 0 | _aECLIPSES | |
| 700 | 1 | _aRood, Ronald | |
| 700 | 1 |
_aWolk-Stanley, Jessica _eilustrador |
|
| 942 | _cBK | ||
| 998 | _claura | ||
| 999 |
_c14378 _d14378 |
||